Kancil And Pak Belang

Bibliographic Details
Main Author: Shahaneem Hanoum
Format: Book
Published: Selangor : Ibs Buku Sdn Bhd , 2003
Series:Folktales Retold

MARC

LEADER 00000cam a2200000 7i4500
001 0000055096
005 20151116.0
008 151116
020 |a 9679501728 
090 0 0 |a ANM   |b ENG 
100 1 |a Shahaneem Hanoum 
245 1 0 |a Kancil And Pak Belang   |c Shahaneem Hanoum 
260 |a Selangor :   |b Ibs Buku Sdn Bhd ,   |c 2003 
440 |a Folktales Retold 
999 |a 0000880088   |b Book   |c Children Collection   |e Cawangan Bandar Penawar